00803nam a2200229Ia 4500003000900000008004100009020002200050040001600072080001300088100003300101245007600134260003100210300001700241490007000258650002700328650003200355650002000387650001600407942000700423999001700430952012600447IN-BaIIA211028s9999 xx 000 0 eng d a978-0-262-51648-8 cIIA Library a510bGUI aGuicciardini, Niccolo934941 0aIsaac Newton on mathematical certainty and methodcNiccolo Guicciardini aCambridgebMIT pressc2011 axxiii, 422p. aTransformations: studies in the history of science and technology aIsaac 1642-1727934942 aMathematical analysis93063 aMathematics982 aNewton9745 cBK c18257d18257 00104070aBANbBANcGENd2012-03-15eANJ g978.00l0o510/ GUIp19179r2021-11-05v978.00w2012-03-15yBKGRs. 978.00